Physiological and biochemical changes in Cedrela fissilis seeds during storage (Registro n. 299109)
[ somente texto ]
| 000 -LÍDER | |
|---|---|
| fixed length control field | 04013nab a2200313 i 4500 |
| 003 - CÓDIGO MARC DA AGÊNCIA CATALOGADORA | |
| Campo de controle | BR-BrBNA |
| 005 - DATA E HORA DA ÚLTIMA ATUALIZAÇÃO | |
| Campo de controle | 20240409140118.0 |
| 008 - CAMPO DE TAMANHO FIXO | |
| fixed length control field | 240409b2020 bl.ar|pooa||| 00| 0 eng | |
| 040 ## - FONTE DA CATALOGAÇÃO | |
| Agência catalogadora | BR-BrBNA |
| Idioma da catalogação | eng |
| 072 ## - CATEGORIA AGRIS | |
| Código AGRIS | J12 |
| Código do objeto | 3105 |
| 072 ## - CATEGORIA AGRIS | |
| Código AGRIS | K10 |
| 100 ## - ENTRADA PRINCIPAL - NOME PESSOAL | |
| Nome pessoal | Silva, David da |
| 100 ## - ENTRADA PRINCIPAL - NOME PESSOAL | |
| Nome pessoal | Stuepp, Carlos André |
| 100 ## - ENTRADA PRINCIPAL - NOME PESSOAL | |
| Nome pessoal | Wendling, Ivar |
| 100 ## - ENTRADA PRINCIPAL - NOME PESSOAL | |
| Nome pessoal | Helm, Cristiane Vieira |
| 100 ## - ENTRADA PRINCIPAL - NOME PESSOAL | |
| Nome pessoal | Angelo, Alessandro Camargo |
| 245 ## - TÍTULO PRINCIPAL | |
| Título principal | Physiological and biochemical changes in Cedrela fissilis seeds during storage |
| 500 ## - NOTA GERAL | |
| Nota geral | Publicação on-line; 40 ref.; 4 tables; Summaries (En, Pt)<br/> |
| 942 ## - ADDED ENTRY ELEMENTS (KOHA) | |
| Koha item type | |
| 520 ## - NOTA DE RESUMO | |
| Nota de conteúdo | <br/>Abstract – The objective of this work was to evaluate the effect of storage on<br/>the physiological quality of cedar (Cedrela fissilis) seeds, as well as to correlate<br/>the germination and vigor of the seeds with their main biochemical changes.<br/>The experiments were carried out in a completely randomized design, in a 3×5<br/>factorial arrangement (three environments × five storage periods). Seeds were<br/>stored for 0, 135, 280, 381, and 515 days in: a humidity chamber at 5±2ºC and<br/>80% relative humidity, a drying chamber at 20±2ºC and 60% relative humidity,<br/>and an uncontrolled environment (laboratory) at 16±10ºC and 60±25% relative<br/>humidity. In all storage periods, the content of moisture on a wet basis and<br/>the percentages of proteins, lipids, total carbohydrates, and ash were evaluated.<br/>For the viability and vigor tests, the percentage of germination and mean<br/>germination time were calculated. At sampling time, seeds showed 11.5% water<br/>content, 85.5% germination, and mean germination time of 13.5 days, and all<br/>were negatively influenced by storage period. Protein percentage showed a<br/>downward trend, while that of carbohydrates increased as the storage period<br/>was extended. Seed germination and vigor reduce drastically with storage.<br/><br/><br/>Index terms: Cedrela fissilis, biochemical components, forest seeds, pink cedar, seed storage conditions. |
| 520 ## - NOTA DE RESUMO | |
| Nota de conteúdo | <br/>Resumo – O objetivo deste trabalho foi avaliar o efeito do armazenamento<br/>na qualidade fisiológica de sementes de cedro (Cedrela fissilis), bem como<br/>correlacionar a germinação e o vigor das sementes com suas principais<br/>alterações bioquímicas. Os experimentos foram conduzidos em delineamento<br/>inteiramente casualizado, em arranjo fatorial 3×5 (três ambientes × cinco<br/>períodos de armazenamento). As sementes foram armazenadas por 0, 135,<br/>280, 381 e 515 dias, em: câmara úmida a 5±2ºC e 80% de umidade relativa,<br/>câmara seca a 20±2ºC e 60% de umidade relativa e ambiente não controlado<br/>(laboratório) a 16±10ºC e 60±25% de umidade relativa. Em todos os períodos<br/>de armazenamento, foram avaliados o teor de umidade em base úmida e as<br/>percentagens de proteínas, lipídios, carboidratos totais e cinzas. Para os testes de<br/>viabilidade e vigor, foram calculados percentagem de germinação e tempo médio<br/>de germinação. No momento da coleta, as sementes apresentaram 11,5% de água,<br/>85,5% de germinação e tempo médio de germinação de 13,5 dias, e todas foram<br/>negativamente influenciadas pelo período de armazenamento. A percentagem<br/>de proteína mostrou tendência de queda, enquanto a de carboidratos aumentou<br/>com o aumento do período de armazenamento. A germinação e o vigor das<br/>sementes reduzem drasticamente com o armazenamento.<br/><br/><br/>Termos para indexação: Cedrela fissilis, componentes bioquímicos, sementes florestais, cedro-rosa, condições de armazenamento de sementes. |
| 650 ## - ASSUNTO - THESAGRO | |
| Cabeçalho tópico ou nome geográfico | CEDRO |
| 650 ## - ASSUNTO - THESAGRO | |
| Cabeçalho tópico ou nome geográfico | SEMENTE FLORESTAL |
| 650 ## - ASSUNTO - THESAGRO | |
| Cabeçalho tópico ou nome geográfico | ARMAZENAMENTO |
| 650 ## - ASSUNTO - THESAGRO | |
| Cabeçalho tópico ou nome geográfico | BIOQUÍMICA |
| 773 0# - ENTRADA ANALÍTICA | |
| Host Biblionumber | 920 |
| Registro do item | 25800 |
| Imprenta | Brasília-DF Empresa Brasileira de Pesquisa Agropecuária - EMBRAPA 1966- |
| Outro identificador | 2023-436355 |
| Título | Pesquisa Agropecuária Brasileira (Brazil) |
| ISSN | 0100-204X |
| Colação | v. 55 p. 1-8; (2020) |
| Número de controle de registro | BR2024000296 |
| 856 ## - ACESSO E ENDEREÇO ELETRÔNICO | |
| Identificador uniforme de recurso - URI | https://www.scielo.br/j/pab/a/svCSCd9SJPC5gxjsqhRjcXt/?format=pdf&lang=en |
Nenhum exemplar disponível.

BINAGRI